000
00291nam a2200109Ia 4500
008
200302s9999 xx 000 0 und d
100
_a
Tony Chapman
245
_a
Architecture 08- The Guide to the RIBA awards
260
_b
Merrell Publishers Limited, London
260
_c
2008
300
_a
215 P
999
_c
4417
_d
4417